| 000 | 00377nam a22001571a 4500 | ||
|---|---|---|---|
| 003 | NEGST | ||
| 005 | 20110718133822.0 | ||
| 008 | 030714s1995 001 0 eng d | ||
| 020 | _a1564764826 | ||
| 100 | 1 | _aStewart, Ed. | |
| 245 | 1 | 0 | _aDoomsday flight /. |
| 260 |
_aWheaton : _bVictor Books, _c1995. |
||
| 300 | _a46p. | ||
| 590 | _aAccession number: 30551 | ||
| 999 |
_c42564 _d42540 |
||